Pokémon Moves- Rock Type - Statistics

General Stats
  • This quiz has been taken 242 times
  • The average score is 18 of 25
Answer Stats
Hint Answer % Correct
I Rock Throw
99%
I Rock Slide
96%
III Rock Tomb
93%
IV Stone Edge
93%
VII Accelerock
88%
III Rock Blast
88%
IV Rock Polish
85%
IV Rock Wrecker
85%
II Sandstorm
81%
IV Stealth Rock
80%
VII Continental Crush
79%
VIII Max Rockfall
78%
IV Power Gem
73%
IV Head Smash
71%
II Ancient Power
68%
VI Diamond Storm
65%
IX Salt Cure
61%
VII Splintered Stormshards
61%
VIII Stone Axe
60%
VIII G-Max Volcalith
58%
VIII Meteor Beam
55%
VIII Tar Shot
55%
V Wide Guard
51%
V Smack Down
50%
II Rollout
43%
No matching quizzes found
Score Distribution
Percent of People with Each Score
Percentile by Number Answered
Your Score History
You have not taken this quiz